[Event "RUS-chT Rapid"]
[Site "Sochi"]
[Date "2021.10.15"]
[Round "4.5"]
[White "Khegay, Dmitriy"]
[Black "Yakimenko, Viktoria"]
[Result "1-0"]
[WhiteElo "2521"]
[BlackElo "2069"]
[PlyCount "117"]
[EventDate "2021.10.15"]
[EventType "team-swiss (rapid)"]
[EventRounds "9"]
[EventCountry "RUS"]
[SourceTitle "CBM 204 Extra"]
[Source "ChessBase"]
[SourceDate "2021.11.30"]
[SourceVersion "1"]
[SourceVersionDate "2021.11.30"]
[SourceQuality "1"]
[WhiteTeam "Krasnodar Kuban"]
[BlackTeam "Novorossiysk"]
[WhiteTeamCountry "RUS"]
[BlackTeamCountry "RUS"]

1. d4 Nf6 2. Bf4 g6 3. e3 b6 4. Nf3 Bb7 5. h3 Bg7 6. Be2 c5 7. 0-0 0-0 8. a4 a6 9. c3 d6 10. Nbd2 Nbd7 11. Bh2 Bc6 12. Bd3 d5 13. Qe2 c4 14. Bc2 b5 15. Ne5 Nxe5 16. Bxe5 Qb6 17. a5 Qb7 18. b4 cxb3 19. Nxb3 Nd7 20. Bxg7 Kxg7 21. Bd3 f6 22. f4 f5 23. g4 e6 24. h4 Rh8 25. Qg2 Kf7 26. Be2 Rag8 27. Nc1 h5 28. g5 Rc8 29. Nd3 Qa8 30. Rfc1 Rc7 31. Bd1 Rhc8 32. Qb2 Qb8 33. Qb4 Bb7 34. Bb3 Rc6 35. Rc2 Qd6 36. Rac1 Qxb4 37. cxb4 Rxc2 38. Bxc2 Ke7 39. Kf2 Kf7 40. Ke2 Ke7 41. Kd2 Rc7 42. Rg1 Rc8 43. Bb3 Bc6 44. Ne1 Bb7 45. Nf3 Bc6 46. Kd3 Bb7 47. Rb1 Rc7 48. Bd1 Rc8 49. Ng1 Nb6 50. axb6 Rc6 51. Nf3 Rxb6 52. Ne5 Rd6 53. Nxg6+ Kf7 54. Bxh5 Kg7 55. Rc1 Rc6 56. Rxc6 Bxc6 57. Ne5 Bb7 58. Bf3 Bc8 59. h5 1-0

[Event "RUS-ch Higher League (Women) 68th"]
[Site "Yaroslavl"]
[Date "2018.06.30"]
[Round "5"]
[White "Yakimenko, Viktoria"]
[Black "Semenova, Elena"]
[Result "1-0"]
[WhiteElo "2078"]
[BlackElo "2238"]
[PlyCount "45"]
[EventDate "2018.06.26"]
[EventType "swiss"]
[EventRounds "9"]
[EventCountry "RUS"]
[SourceTitle "CBM 185 Extra"]
[Source "ChessBase"]
[SourceDate "2018.07.29"]
[SourceVersion "1"]
[SourceVersionDate "2018.07.29"]
[SourceQuality "1"]

1. e4 e5 2. Nf3 Nc6 3. Bb5 a6 4. Ba4 d6 5. 0-0 Bd7 6. d4 b5 7. Bb3 Nxd4 8. Nxd4 exd4 9. c3 dxc3 10. Qh5 Qf6 11. Nxc3 Ne7 12. Re1 h6 13. Bd2 Ng6 14. Nd5 Qd8 15. e5 Be6 16. Ba5 Rc8 17. Nxc7+ Rxc7 18. Bxe6 Nf4 19. Bxf7+ Rxf7 20. exd6+ Be7 21. Qc5 Qa8 22. d7+ Kf8 23. Qc8+ 1-0

[Event "RUS-ch Higher League (Women) 68th"]
[Site "Yaroslavl"]
[Date "2018.06.26"]
[Round "1"]
[White "Maltsevskaya, Aleksandra"]
[Black "Yakimenko, Viktoria"]
[Result "1-0"]
[WhiteElo "2279"]
[BlackElo "2078"]
[PlyCount "72"]
[EventDate "2018.06.26"]
[EventType "swiss"]
[EventRounds "9"]
[EventCountry "RUS"]
[SourceTitle "CBM 185 Extra"]
[Source "ChessBase"]
[SourceDate "2018.07.29"]
[SourceVersion "1"]
[SourceVersionDate "2018.07.29"]
[SourceQuality "1"]

1. d4 f5 2. c4 e6 3. Nc3 Nf6 4. Nf3 b6 5. g3 Bb7 6. Bg2 d5 7. Bg5 Be7 8. Bxf6 Bxf6 9. 0-0 0-0 10. cxd5 exd5 11. b4 c6 12. Qb3 a6 13. a4 Kh8 14. e3 Qd6 15. b5 axb5 16. axb5 c5 17. Rxa8 Bxa8 18. Ra1 Nd7 19. Ra7 Rd8 20. Qa2 Qb8 21. Ra4 Nf8 22. Nd2 cxd4 23. exd4 Ne6 24. Nb3 Nc7 25. Nc1 Bb7 26. N1e2 g6 27. Nf4 Bg7 28. Nfxd5 Ne6 29. Ne2 Qd6 30. Ndf4 Nxf4 31. Nxf4 Bxg2 32. Kxg2 Bf6 33. Ra7 Qxd4 34. Qf7 Bg7 35. Qxg7+ Qxg7 36. Rxg7 Rd4 1-0

[Event "RUS-chT (Women)"]
[Site "Sochi"]
[Date "2018.05.05"]
[Round "5.5"]
[White "Chigaeva, Anastasia"]
[Black "Yakimenko, Viktoria"]
[Result "1/2-1/2"]
[WhiteElo "2178"]
[BlackElo "2048"]
[PlyCount "92"]
[EventDate "2018.05.01"]
[EventType "team-tourn"]
[EventRounds "9"]
[EventCountry "RUS"]
[SourceTitle "CBM 184 Extra"]
[Source "ChessBase"]
[SourceDate "2018.06.28"]
[SourceVersion "1"]
[SourceVersionDate "2018.06.28"]
[SourceQuality "1"]
[WhiteTeam "Togliatti Bukavushki (W)"]
[BlackTeam "CVC Group (W)"]
[WhiteTeamCountry "RUS"]
[BlackTeamCountry "RUS"]

1. d4 f5 2. Bg5 Nf6 3. Bxf6 exf6 4. e3 d5 5. c4 c6 6. Nc3 Be6 7. cxd5 Bxd5 8. Nxd5 Qxd5 9. Ne2 Bb4+ 10. Nc3 0-0 11. Qa4 a5 12. Qxb4 axb4 13. Nxd5 cxd5 14. Bd3 g6 15. Kd2 Ra5 16. Rhc1 Nc6 17. Bc2 Kf7 18. Bb3 Ke6 19. Rc2 Kd6 20. Rac1 Rfa8 21. Kd3 h6 22. h4 h5 23. g3 Rb5 24. f3 Rba5 25. Rg2 Ne7 26. Rgc2 Nc6 27. Rg2 Ne7 28. g4 hxg4 29. fxg4 fxg4 30. Rxg4 f5 31. Rg2 b6 32. h5 gxh5 33. Rh1 Rh8 34. Rgh2 Raa8 35. Rxh5 Rxh5 36. Rxh5 Rg8 37. Rh6+ Rg6 38. Rxg6+ Nxg6 39. Ba4 Nh4 40. Bd1 Ng2 41. Bh5 Ke7 42. Bf3 Ne1+ 43. Ke2 Nxf3 44. Kxf3 Kf7 45. Kf4 Kf6 46. Kf3 Kf7 1/2-1/2

[Event "RUS-chT (Women)"]
[Site "Sochi"]
[Date "2018.05.03"]
[Round "3.6"]
[White "Simakova, Elena"]
[Black "Yakimenko, Viktoria"]
[Result "1-0"]
[WhiteElo "1948"]
[BlackElo "2048"]
[PlyCount "113"]
[EventDate "2018.05.01"]
[EventType "team-tourn"]
[EventRounds "9"]
[EventCountry "RUS"]
[SourceTitle "CBM 184 Extra"]
[Source "ChessBase"]
[SourceDate "2018.06.28"]
[SourceVersion "1"]
[SourceVersionDate "2018.06.28"]
[SourceQuality "1"]
[WhiteTeam "Yuzhnyy Ural (W) II"]
[BlackTeam "CVC Group (W)"]
[WhiteTeamCountry "RUS"]
[BlackTeamCountry "RUS"]

1. c4 e6 2. Nf3 f5 3. e3 Nf6 4. Be2 Be7 5. b3 b6 6. Bb2 Bb7 7. Nc3 0-0 8. Qc2 c5 9. d4 Ne4 10. 0-0 d6 11. a3 Nd7 12. b4 Qe8 13. Rfd1 a6 14. dxc5 bxc5 15. b5 Qg6 16. a4 Ndf6 17. bxa6 Rxa6 18. Nb5 Ng4 19. Rf1 f4 20. exf4 Rxf4 21. Bc1 Rf5 22. Qb3 Ra8 23. Nc7 Ra7 24. a5 Bd8 25. Nb5 Rxa5 26. Rxa5 Bxa5 27. Nh4 Qh5 28. Qh3 Ngxf2 29. Qxf5 Qxf5 30. Nxf5 exf5 31. Rxf2 Nxf2 32. Kxf2 d5 33. Bf3 Kf8 34. Nd6 Ba6 35. Bxd5 g6 36. Be3 Bb6 37. Bb7 Bxb7 38. Nxb7 Kf7 39. Bxc5 Bc7 40. Bd6 Bb6+ 41. c5 Ba7 42. Kf3 Ke6 43. c6 Bb6 44. Bf4 h6 45. g4 fxg4+ 46. Kxg4 Bg1 47. Nd8+ Ke7 48. Nf7 h5+ 49. Kg5 Bb6 50. Kxg6 h4 51. Nd6 Ke6 52. Nf5 h3 53. Kg5 Ba5 54. Kg4 Bb6 55. Ng7+ Kf7 56. Nf5 Kg6 57. c7 1-0

[Event "Chigorin Memorial 24th"]
[Site "St Petersburg"]
[Date "2016.10.19"]
[Round "5"]
[White "Yakimenko, Viktoria"]
[Black "Tskhadadze, Anna"]
[Result "0-1"]
[WhiteElo "2160"]
[BlackElo "1955"]
[PlyCount "130"]
[EventDate "2016.10.15"]
[EventType "swiss"]
[EventRounds "9"]
[EventCountry "RUS"]
[SourceTitle "CBM 175 Extra"]
[Source "ChessBase"]
[SourceDate "2016.12.12"]
[SourceVersion "1"]
[SourceVersionDate "2016.12.12"]
[SourceQuality "1"]

1. e4 d5 2. exd5 Qxd5 3. Nf3 Bg4 4. Be2 Nc6 5. d3 0-0-0 6. Be3 e5 7. Nc3 Qd7 8. a4 f5 9. Nb5 a6 10. Na7+ Nxa7 11. Bxa7 Bd6 12. c3 Ne7 13. b4 Nd5 14. Qb3 Nf4 15. Bf1 Bxf3 16. gxf3 e4 17. fxe4 fxe4 18. 0-0-0 exd3 19. Be3 Be5 20. Kb2 Nd5 21. Bd2 Qf5 22. Bg2 Bf6 23. Rhf1 Rhe8 24. Ka3 Re2 25. c4 Nf4 26. Bxf4 Bb2+ 27. Ka2 Bc1+ 28. Bd2 Bxd2 29. Kb1 Bg5 30. f4 Bf6 31. Bf3 Rb2+ 32. Qxb2 Bxb2 33. Kxb2 Qf6+ 34. Kb3 d2 35. Bd5 Qd4 36. Kc2 c6 37. Rxd2 Qe3 38. Rf3 Qe7 39. Rc3 cxd5 40. cxd5+ Kb8 41. Kb3 Qe1 42. Rcd3 Qb1+ 43. Kc3 Rc8+ 44. Kd4 Qxb4+ 45. Ke3 Re8+ 46. Kf3 Qe4+ 47. Kg4 h5+ 48. Kg3 g5 49. fxg5 Qg4+ 50. Kf2 Rf8+ 51. Ke3 Qg1+ 52. Ke4 Qg4+ 53. Ke3 Qxg5+ 54. Kd4 Qf4+ 55. Kc3 Qxa4 56. d6 Rc8+ 57. Kb2 Qb4+ 58. Ka2 Rc5 59. Rb2 Ra5+ 60. Kb1 Qe1+ 61. Kc2 Qe2+ 62. Rd2 Qe4+ 63. Kb3 Rb5+ 64. Ka2 Rxb2+ 65. Kxb2 Kc8 0-1

[Event "Chigorin Memorial 24th"]
[Site "St Petersburg"]
[Date "2016.10.18"]
[Round "4"]
[White "Arslanov, Shamil"]
[Black "Yakimenko, Viktoria"]
[Result "1-0"]
[WhiteElo "2398"]
[BlackElo "2160"]
[PlyCount "103"]
[EventDate "2016.10.15"]
[EventType "swiss"]
[EventRounds "9"]
[EventCountry "RUS"]
[SourceTitle "CBM 175 Extra"]
[Source "ChessBase"]
[SourceDate "2016.12.12"]
[SourceVersion "1"]
[SourceVersionDate "2016.12.12"]
[SourceQuality "1"]

1. d4 Nf6 2. c4 g6 3. f3 d5 4. cxd5 Nxd5 5. e4 Nb6 6. Nc3 Bg7 7. Be3 e6 8. Qd2 Nc6 9. 0-0-0 Bd7 10. Kb1 h6 11. f4 f5 12. d5 Ne7 13. Bxb6 axb6 14. e5 exd5 15. Nxd5 Be6 16. Bc4 Kf7 17. Nf3 b5 18. Bb3 c6 19. Nxe7 Bxb3 20. axb3 Qxe7 21. e6+ Kg8 22. Qd7 Ra1+ 23. Kc2 Qc5+ 24. Kd3 Ra8 25. h4 Qf8 26. Ke2 Re8 27. Qxb7 Rxe6+ 28. Kf2 Rh7 29. Qb6 Bf6 30. Rhe1 Rhe7 31. Rd8 Re8 32. Rxe6 Rxd8 33. Qxc6 Rc8 34. Qxb5 Qf7 35. Qa6 Rf8 36. Kg3 Kh7 37. Rb6 Qg7 38. Rb7 Rf7 39. Rxf7 Qxf7 40. Qc4 Qg7 41. b4 Bxb2 42. b5 Bf6 43. b6 Bd8 44. Qe6 Qe7 45. Qxe7+ Bxe7 46. b7 Bd6 47. Nd4 g5 48. Nxf5 Bxf4+ 49. Kg4 h5+ 50. Kxh5 gxh4 51. Nd4 Kg7 52. Ne6+ 1-0

[Event "Wch U18 Girls"]
[Site "Khanty-Mansiysk"]
[Date "2016.09.28"]
[Round "6"]
[White "Yakimenko, Viktoria"]
[Black "Toshali, V."]
[Result "1-0"]
[WhiteElo "2160"]
[BlackElo "1766"]
[PlyCount "67"]
[EventDate "2016.09.22"]
[EventType "swiss"]
[EventRounds "11"]
[EventCountry "RUS"]
[SourceTitle "EXT 2017"]
[Source "ChessBase"]
[SourceDate "2016.10.25"]
[SourceVersion "1"]
[SourceVersionDate "2016.10.25"]
[SourceQuality "1"]

1. e4 Nc6 2. f4 e5 3. Nf3 Bc5 4. Nc3 d6 5. Na4 Bb6 6. Nxb6 axb6 7. d3 exf4 8. Bxf4 Qf6 9. Qc1 Bg4 10. Be2 Nge7 11. 0-0 0-0 12. c3 Ng6 13. Bg3 Qe7 14. Re1 h5 15. h3 Bxf3 16. Bxf3 h4 17. Bf2 Ra5 18. b4 Rg5 19. d4 Qf6 20. Bg4 Re8 21. Qd2 Rxg4 22. hxg4 h3 23. gxh3 Nf4 24. h4 Ng6 25. Qg5 Qxg5 26. hxg5 Nf4 27. Bg3 Nh3+ 28. Kg2 Nxg5 29. e5 dxe5 30. d5 Nb8 31. Rxe5 Rxe5 32. Bxe5 Ne4 33. Re1 Nd2 34. Bf4 1-0

[Event "Wch U18 Girls"]
[Site "Khanty-Mansiysk"]
[Date "2016.09.25"]
[Round "4"]
[White "Yakimenko, Viktoria"]
[Black "Methmani, Nelunika"]
[Result "0-1"]
[WhiteElo "2160"]
[BlackElo "1612"]
[PlyCount "114"]
[EventDate "2016.09.22"]
[EventType "swiss"]
[EventRounds "11"]
[EventCountry "RUS"]
[SourceTitle "EXT 2017"]
[Source "ChessBase"]
[SourceDate "2016.10.25"]
[SourceVersion "1"]
[SourceVersionDate "2016.10.25"]
[SourceQuality "1"]

1. e4 c5 2. Nf3 Nc6 3. d4 cxd4 4. Nxd4 Qb6 5. Nb3 Nf6 6. Bd3 e6 7. 0-0 Be7 8. c4 0-0 9. Nc3 d6 10. Be3 Qc7 11. f4 b6 12. Rc1 Bb7 13. Qe2 Rfd8 14. a3 Rac8 15. Kh1 Bf8 16. Bg1 Qe7 17. h3 g6 18. Bh2 Nd7 19. Nd2 Bg7 20. Nf3 Nc5 21. b4 Nb3 22. Rb1 Nbd4 23. Qe1 Nxf3 24. Rxf3 Nd4 25. Rf2 Qh4 26. Nd1 f5 27. Rc1 Kh8 28. Nc3 b5 29. cxb5 fxe4 30. Bxe4 d5 31. Bd3 Nb3 32. g3 Qf6 33. Ne2 Nxc1 34. Nxc1 Rc3 35. Bf1 d4+ 36. Kg1 Rdc8 37. Nd3 Rxa3 38. g4 Rcc3 39. Nc5 Bd5 40. Ne4 Bxe4 41. Qxe4 d3 42. f5 exf5 43. gxf5 gxf5 44. Qe8+ Qf8 45. Qxf8+ Bxf8 46. Be5+ Bg7 47. Bxc3 Bxc3 48. Rxf5 Ra1 49. Kg2 d2 50. Be2 d1Q 51. Bxd1 Rxd1 52. Rf7 Ra1 53. b6 axb6 54. Rb7 Ra6 55. h4 Bxb4 56. h5 h6 57. Kf3 Bc5 0-1

[Event "YFO-ch (Women)"]
[Site "Nebug"]
[Date "2016.03.10"]
[Round "6"]
[White "Yakimenko, Viktoria"]
[Black "Gubernatorova, Lyudmila"]
[Result "1-0"]
[WhiteElo "2017"]
[BlackElo "2202"]
[PlyCount "75"]
[EventDate "2016.03.05"]
[EventType "swiss"]
[EventRounds "9"]
[EventCountry "RUS"]
[SourceTitle "CBM 171 Extra"]
[Source "ChessBase"]
[SourceDate "2016.04.26"]
[SourceVersion "1"]
[SourceVersionDate "2016.04.26"]
[SourceQuality "1"]

1. e4 e6 2. d4 d5 3. Nd2 Nf6 4. e5 Nfd7 5. f4 c5 6. c3 Nc6 7. Ndf3 Qb6 8. a3 Be7 9. b4 cxd4 10. cxd4 a6 11. Bb2 0-0 12. Bd3 Qd8 13. Ne2 Nb6 14. Qc2 h6 15. h4 f6 16. exf6 Rxf6 17. g4 Qf8 18. g5 Rxf4 19. Nxf4 Qxf4 20. Qf2 Bd7 21. Bc1 Qf7 22. gxh6 Rf8 23. Rg1 g5 24. Bxg5 Kh8 25. Bxe7 Qxe7 26. Rg7 Rf7 27. Rxf7 Qxf7 28. Ng5 Qxf2+ 29. Kxf2 Nd8 30. Kg3 Be8 31. Rf1 Nd7 32. Rc1 Nc6 33. Nxe6 Bf7 34. Ng5 Bh5 35. b5 axb5 36. Bxb5 Ndb8 37. Bxc6 Nxc6 38. Rf1 1-0

[Event "Chigorin Memorial 23rd"]
[Site "St Petersburg"]
[Date "2015.10.10"]
[Round "8"]
[White "Royset, Pal"]
[Black "Yakimenko, Viktoria"]
[Result "1/2-1/2"]
[WhiteElo "2234"]
[BlackElo "1974"]
[PlyCount "109"]
[EventDate "2015.10.03"]
[EventType "swiss"]
[EventRounds "9"]
[EventCountry "RUS"]
[SourceTitle "CBM 168 Extra"]
[Source "ChessBase"]
[SourceDate "2015.10.29"]
[SourceVersion "1"]
[SourceVersionDate "2015.10.29"]
[SourceQuality "1"]

1. e4 c5 2. c3 d5 3. exd5 Qxd5 4. d4 Nc6 5. Nf3 Bg4 6. Be2 e6 7. h3 Bh5 8. 0-0 Nf6 9. Be3 cxd4 10. cxd4 Be7 11. Nc3 Qd6 12. Nb5 Qb8 13. Qb3 0-0 14. Nc3 Rd8 15. Rfd1 Nb4 16. Rac1 Nbd5 17. Nxd5 Nxd5 18. a4 Qd6 19. Rc4 h6 20. g4 Bg6 21. Ne5 Be4 22. Rdc1 f6 23. Nf3 Nf4 24. Bxf4 Qxf4 25. Qe3 Bd6 26. Kf1 Rab8 27. Nd2 Bd5 28. R4c3 Qh2 29. Ke1 Bf4 30. Qd3 Bxd2+ 31. Qxd2 Qh1+ 32. Bf1 Bg2 33. Ke2 Bxf1+ 34. Rxf1 Qe4+ 35. Re3 Qxd4 36. Qxd4 Rxd4 37. Rc1 e5 38. Rc7 Rxa4 39. Rd3 Rd4 40. Rxd4 exd4 41. Kd3 Kh7 42. Kxd4 Kg6 43. Rd7 f5 44. gxf5+ Kf6 45. Kd3 a6 46. b4 b5 47. Ke4 Re8+ 48. Kf4 Ra8 49. Rd6+ Ke7 50. Re6+ Kf7 51. Rb6 a5 52. Rb7+ Kf6 53. Rb6+ Kf7 54. bxa5 Rxa5 55. Rb7+ 1/2-1/2

[Event "Voronezh op-A 19th"]
[Site "Voronezh"]
[Date "2015.06.16"]
[Round "5"]
[White "Ofitserian, Boris"]
[Black "Yakimenko, Viktoria"]
[Result "1/2-1/2"]
[WhiteElo "2285"]
[BlackElo "1985"]
[PlyCount "80"]
[EventDate "2015.06.12"]
[EventType "swiss"]
[EventRounds "9"]
[EventCountry "RUS"]
[SourceTitle "CBM 167 Extra"]
[Source "ChessBase"]
[SourceDate "2015.09.14"]
[SourceVersion "1"]
[SourceVersionDate "2015.09.14"]
[SourceQuality "1"]

1. d4 Nf6 2. c4 g6 3. Nc3 d5 4. cxd5 Nxd5 5. e4 Nxc3 6. bxc3 Bg7 7. Nf3 0-0 8. Be3 c5 9. Be2 Nc6 10. 0-0 Qa5 11. d5 Ne5 12. Nd2 Nd7 13. Nb3 Qxc3 14. Rc1 Qe5 15. Nxc5 Nxc5 16. Bxc5 b6 17. f4 Qxe4 18. Rc4 Qf5 19. Bxe7 Re8 20. d6 Be6 21. Rc7 Bf8 22. Bxf8 Rxf8 23. Bf3 Rac8 24. Rxa7 Qc5+ 25. Kh1 Rfd8 26. d7 Rc7 27. Rxc7 Qxc7 28. Qc1 Qxc1 29. Rxc1 Rxd7 30. Rb1 Bxa2 31. Rxb6 Be6 32. Rb2 Rd4 33. g3 Bd5 34. Kg2 h5 35. Bxd5 Rxd5 36. Kf3 Rd4 37. Ke3 Ra4 38. Kf3 Kg7 39. Rb6 Ra2 40. h3 Ra3+ 1/2-1/2

[Event "RUS-chT (Women)"]
[Site "Sochi"]
[Date "2015.05.01"]
[Round "1.5"]
[White "Vasilevich, Irina"]
[Black "Yakimenko, Viktoria"]
[Result "1-0"]
[WhiteElo "2316"]
[BlackElo "2092"]
[PlyCount "99"]
[EventDate "2015.05.01"]
[EventType "team-swiss"]
[EventRounds "7"]
[EventCountry "RUS"]
[SourceTitle "CBM 166 Extra"]
[Source "ChessBase"]
[SourceDate "2015.06.18"]
[SourceVersion "1"]
[SourceVersionDate "2015.06.18"]
[SourceQuality "1"]
[WhiteTeam "Moscow Boavista (W)"]
[BlackTeam "Krasnodar Kuban (W)"]
[WhiteTeamCountry "RUS"]
[BlackTeamCountry "RUS"]

1. c4 Nf6 2. Nc3 g6 3. g3 Bg7 4. Bg2 d6 5. e4 e5 6. Nge2 Nc6 7. 0-0 0-0 8. d3 Ne7 9. h3 Ne8 10. d4 Bd7 11. Bg5 f6 12. Be3 Qc8 13. Kh2 f5 14. dxe5 dxe5 15. Bc5 Rf7 16. exf5 Nxf5 17. Qb3 c6 18. Ne4 h6 19. Rad1 Be6 20. Qc2 b6 21. Be3 Qa6 22. b3 Rc8 23. N2c3 Nd4 24. Qc1 g5 25. c5 Rd8 26. Rfe1 Qc8 27. Bxd4 exd4 28. Na4 b5 29. Nb2 Bd5 30. Nd3 Qc7 31. Re2 Nf6 32. Nd6 Rfd7 33. Ne5 Re7 34. Qc2 Bxg2 35. Kxg2 Nd5 36. Ng6 Rxe2 37. Qxe2 Qd7 38. Re1 Bf6 39. Qd3 Qh7 40. Ne8 Rd7 41. Qf5 Rf7 42. Nd6 Nc7 43. Qc8+ Kg7 44. Nxf7 Kxf7 45. Qxc7+ Kxg6 46. Qxc6 Qf7 47. Qe8 Qxe8 48. Rxe8 d3 49. Kf3 Kf7 50. Ra8 1-0

[Event "South FR-ch (Women)"]
[Site "Armavir"]
[Date "2015.03.??"]
[Round "1"]
[White "Selina, Ekaterina"]
[Black "Yakimenko, Viktoria"]
[Result "0-1"]
[WhiteElo "1580"]
[BlackElo "2092"]
[PlyCount "72"]
[EventDate "2015.03.10"]
[EventType "swiss"]
[EventRounds "9"]
[EventCountry "RUS"]
[SourceTitle "EXT 2018"]
[Source "ChessBase"]
[SourceDate "2017.10.13"]
[SourceVersion "1"]
[SourceVersionDate "2017.10.13"]
[SourceQuality "1"]

1. e4 c5 2. Nf3 Nc6 3. d4 cxd4 4. Nxd4 Nf6 5. Nc3 d6 6. Be2 a6 7. a4 Bd7 8. Be3 e6 9. 0-0 Be7 10. f4 Qc7 11. Kh1 0-0 12. h3 b6 13. Nb3 Ne8 14. Qe1 Nb4 15. Bd1 Rb8 16. Qf2 f5 17. exf5 Rxf5 18. Bg4 Rf8 19. Qe2 Nf6 20. Nd4 Nxg4 21. Qxg4 Rf6 22. Qe2 Qb7 23. Bd2 Nd5 24. Ne4 Rg6 25. f5 exf5 26. Nxf5 Bf8 27. b3 Re8 28. Qd3 Nb4 29. Bxb4 Rxe4 30. Nxd6 Bxd6 31. Bxd6 Re8 32. Rf2 Bxh3 33. Qxh3 Rh6 34. Qxh6 gxh6 35. Raf1 Rd8 36. Rf3 Rxd6 0-1

[Event "South FR-ch (Women)"]
[Site "Armavir"]
[Date "2015.03.??"]
[Round "2"]
[White "Yakimenko, Viktoria"]
[Black "Skvortsova, Olesya"]
[Result "1-0"]
[WhiteElo "2092"]
[BlackElo "1633"]
[PlyCount "41"]
[EventDate "2015.03.10"]
[EventType "swiss"]
[EventRounds "9"]
[EventCountry "RUS"]
[SourceTitle "EXT 2018"]
[Source "ChessBase"]
[SourceDate "2017.10.13"]
[SourceVersion "1"]
[SourceVersionDate "2017.10.13"]
[SourceQuality "1"]

1. e4 e5 2. Nf3 Nc6 3. Bb5 Bc5 4. 0-0 d6 5. c3 Bg4 6. d4 Bxf3 7. gxf3 exd4 8. cxd4 Bxd4 9. Qxd4 Nf6 10. Nc3 0-0 11. Bxc6 bxc6 12. Bg5 c5 13. Qe3 Qd7 14. Bxf6 gxf6 15. Qh6 Rfe8 16. Nd5 Re6 17. Kh1 Kh8 18. Nxf6 Rxf6 19. Qxf6+ Kg8 20. Rg1+ Kf8 21. Qh8+ 1-0

[Event "Krasnodar Region-ch (Women)"]
[Site "Krasnodar"]
[Date "2014.10.08"]
[Round "6"]
[White "Demchenko, Alisa"]
[Black "Yakimenko, Viktoria"]
[Result "0-1"]
[WhiteElo "1610"]
[BlackElo "2012"]
[PlyCount "64"]
[EventDate "2014.10.03"]
[EventType "swiss"]
[EventRounds "9"]
[EventCountry "RUS"]
[SourceTitle "EXT 2015"]
[Source "ChessBase"]
[SourceDate "2014.11.20"]
[SourceVersion "1"]
[SourceVersionDate "2014.11.20"]
[SourceQuality "1"]

1. e4 c5 2. Nf3 d6 3. d4 cxd4 4. Nxd4 Nf6 5. Nc3 Nc6 6. Bg5 e6 7. Qd2 a6 8. f4 h6 9. Bxf6 Qxf6 10. Nxc6 bxc6 11. Be2 Rb8 12. Rb1 d5 13. 0-0 Bb4 14. e5 Qe7 15. a3 Bc5+ 16. Kh1 0-0 17. Na4 Ba7 18. Qa5 Qh4 19. Rf3 f6 20. exf6 Qxf6 21. Rd1 Qe7 22. Bxa6 e5 23. Bxc8 Rbxc8 24. fxe5 Rxf3 25. gxf3 Be3 26. Qc3 Bf4 27. Re1 Qh4 28. Re2 Qh3 29. Rg2 Bxh2 30. Qd3 Bxe5+ 31. Kg1 Rf8 32. Qe2 Bd4+ 0-1

[Event "Krasnodar Region-ch (Women)"]
[Site "Krasnodar"]
[Date "2014.10.04"]
[Round "2"]
[White "Yakimenko, Viktoria"]
[Black "Baraeva, Irina"]
[Result "1-0"]
[WhiteElo "2012"]
[BlackElo "2197"]
[PlyCount "73"]
[EventDate "2014.10.03"]
[EventType "swiss"]
[EventRounds "9"]
[EventCountry "RUS"]
[SourceTitle "EXT 2015"]
[Source "ChessBase"]
[SourceDate "2014.11.20"]
[SourceVersion "1"]
[SourceVersionDate "2014.11.20"]
[SourceQuality "1"]

1. e4 e6 2. d3 d5 3. Nd2 c5 4. g3 Nc6 5. Bg2 g6 6. Ngf3 Bg7 7. 0-0 Nge7 8. Qe2 0-0 9. Nb3 b6 10. e5 Qc7 11. Re1 Ba6 12. c3 c4 13. d4 Bb7 14. Nbd2 b5 15. Nf1 b4 16. Ne3 a5 17. a4 b3 18. Ng4 Nf5 19. Nf6+ Bxf6 20. exf6 Nb8 21. g4 Nd6 22. Bh6 Rc8 23. Ng5 Nd7 24. Qf3 Qd8 25. Nxh7 Ne8 26. Qh3 Nexf6 27. Bg5 Kg7 28. Qh6+ Kg8 29. Rxe6 Nxh7 30. Bxd8 fxe6 31. Qxg6+ Kh8 32. Bh4 Ndf8 33. Qh6 Rc7 34. Re1 Bc6 35. Re5 Raa7 36. Rh5 Bxa4 37. Qxf8# 1-0